| 000 | 00501cam a2200193ua 4500 | ||
|---|---|---|---|
| 001 | 2654 | ||
| 008 | 110909n ii |||gr||||Z||||||asm | ||
| 040 | _cMAIN | ||
| 082 | _a891.4512 | ||
| 100 |
_aed. by Devgoswami, Kesavananda , _eAuthor. |
||
| 245 | 1 | 1 |
_aRawana badha nat _ced. by Kesavananda Dev Goswami |
| 250 | _a1st. | ||
| 260 |
_aDibrugarh: _bBanalata,985. |
||
| 300 |
_a86p: _c23cm. |
||
| 653 | _aAssamese drama | ||
| 653 | _aAssamese literature | ||
| 653 | _aRawana badha nat | ||
| 942 | _cBK | ||
| 999 |
_c2505 _d2505 |
||